| 000 | 01105nac a22003131u 4500 | ||
|---|---|---|---|
| 003 | EG-ScBUE | ||
| 005 | 20211026134317.0 | ||
| 008 | 090114s2004 ua a f 000 0 ara d | ||
| 020 | _a9770811696 (pbk.) | ||
| 040 |
_aEG-ScBUE _bara _erda _cEG-ScBUE _dEG-ScBUE |
||
| 043 | _af-ua--- | ||
| 082 | 0 | 4 |
_a320.962 _bر ج ب _222 |
| 100 | 1 |
_aرجب، أحمد، _eمؤلف. _941130 |
|
| 245 | 1 | 0 |
_a1/2 كلمة / _cأحمد رجب. |
| 246 | 3 | _aنصف كلمة | |
| 264 | 1 |
_aالقاهرة : _bدار أخبار اليوم، _c2004. |
|
| 300 |
_a303 صفحة : _bإيضاحيات ؛ _c20 سم. |
||
| 336 |
_2rdacontent _aنص _btxt |
||
| 337 |
_2rdamedia _aبدون وسيط _bn |
||
| 338 |
_2rdacarrier _aمجلد _bnc |
||
| 490 | 0 |
_a؛ كتاب اليوم _vعدد 470 |
|
| 505 | 2 | _aالجزء الثاني. | |
| 541 | _cإهداء. | ||
| 650 | 7 |
_aالأهاجي والفكاهات العربية. _2BUEsh |
|
| 651 | 7 |
_aمصر _xأحوال سياسية _vمقالات ومحاضرات. _2BUEsh |
|
| 653 |
_bBUSBOL _cOctober2021 |
||
| 655 |
_vReading book _934232 |
||
| 942 |
_cBB _k320.962 ر ج ب _2ddc |
||
| 999 |
_c5740 _d5740 |
||